| 000 | 00000nam 2200000za 4500 |
| 001 | 9.855633 |
| 003 | CaOODSP |
| 005 | 20250403110049 |
| 007 | cr ||||||||||| |
| 008 | 180423s2018 onca os f000 0 fre d |
| 020 | |a9780660263472 |
| 040 | |aCaOODSP|bfre |
| 043 | |an-cn--- |
| 086 | 1 |aCS11-627/2018-11F-PDF |
| 245 | 02|aL’eau douce au Canada |h[ressource électronique] : |bun aperçu des ressources d’eau douce du Canada de 1971 à 2013. |
| 260 | |a[Ottawa] : |bStatistique Canada, |c[2018] |
| 300 | |a[1] p. : |bill. en coul. |
| 500 | |aPubl. aussi en anglais sous le titre : Freshwater in Canada: a look at Canada’s freshwater resources from 1971 to 2013. |
| 500 | |aTitre de départ. |
| 520 | |a« L’infographie, intitulée « L’eau douce au Canada : Un aperçu des ressources d’eau douce du Canada de 1971 à 2013 », a pour objectif de présenter quelques faits saillants provenant du rapport intitulé L’activité humaine et l’environnement 2016 : l’eau douce au Canada (produit no 16-201-X au catalogue). Elle est constituée de plusieurs éléments, dont une carte, une graphique, des pictogrammes et des renseignements sur la profondeur des ressources d’eau douce renouvelables et sur l’utilisation de l’eau » -- Fourni par l'éditeur. |
| 692 | 07|2gccst|aEau douce |
| 692 | 07|2gccst|aUtilisation de l'eau |
| 692 | 07|2gccst|aStatistiques |
| 710 | 2 |aStatistique Canada. |
| 775 | 08|tFreshwater in Canada |w(CaOODSP)9.855630 |
| 856 | 40|qPDF|s331 Ko|uhttps://publications.gc.ca/collections/collection_2018/statcan/11-627-m/11-627-m2018011-fra.pdf |
| 986 | |a11-627-M |